| 000 | 00365nam a2200121Ia 4500 | ||
|---|---|---|---|
| 008 | 210430s9999 xx 000 0 und d | ||
| 082 | _a530 Z41P | ||
| 100 |
_aZealey,Bill. Wiecek Chris _954978 |
||
| 245 |
_aPhysics In Context(the forces of life HSC _cZealey,Bill. Wiecek Chris |
||
| 260 |
_aNew York _bOxford university _c2004 |
||
| 300 | _a407p. | ||
| 942 |
_cBK _2ddc |
||
| 999 |
_c565910 _d565910 |
||